MESTSKÁ KNIŽNICA GIRALTOVCE  - online katalóg 

Umierajúce lesy - otázka vedomia (Record no. 15273)

000 -NÁVESTIE
fixed length control field 01191nam a2200301 a 4500
008 - ÚDAJE S PEVNOU DĹŽKOU – VŠEOBECNÉ INFORMÁCIE
fixed length control field 020821s2000 xo a gr 0000yyslo c
020 ## - MEDZINÁRODNÉ ŠTANDARDNÉ ČÍSLO KNIHY (ISBN)
Medzinárodné štandardné číslo knihy (ISBN) 8088699169
Údaje o dostupnosti 10
040 ## - ZDROJ KATALOGIZÁCIE
Pôvodná katalogizujúca agentúra SNK
Jazyk katalogizácie slo
Prepisujúca agentúra SNK
Konvencie popisu AACR2
041 1# - KÓD JAZYKA
Kód jazyka textu/zvukovej stopy alebo samostatných nápisov slo
Kód jazyka originálu a/alebo sprostredkujúcich prekladov textu ger
044 ## - KÓD KRAJINY VYDAVATEĽA/PRODUCENTA
Kód krajiny MARC xo
Kód krajiny ISO SK
080 ## - ČÍSLO MEDZINÁRODNÉHO DESATINNÉHO TRIEDENIA (MDT)
Číslo Medzinárodného desatinného triedenia (MDT) 630*2:504.54
080 ## - ČÍSLO MEDZINÁRODNÉHO DESATINNÉHO TRIEDENIA (MDT)
Číslo Medzinárodného desatinného triedenia (MDT) 504.54
100 1# - OSOBNÉ MENÁ – VŠEOBECNÉ INFORMÁCIE
Osobné meno Bockemühl, Jochen
Kód roly aut
-- ill
240 10 - UNIFIKOVANÝ NÁZOV
Unifikovaný názov Sterbende Wälder - eine Bewusstseinsfrage
Jazyk diela Slovensky
245 10 - NÁZOV
Názov Umierajúce lesy - otázka vedomia
Zvyšok názvu školenie na prírodných súvislostiach a zmena spôsobu života
Údaj o zodpovednosti atď. obrazy a texty: Jochen Bockemühl ; [z nemeckého originálu preložili Peter Duchoslav a Danica Jančáryová]
250 ## - ÚDAJ O PORADÍ VYDANIA
Údaj o poradí vydania 1. vyd.
260 ## - VYDAVATEĽSKÉ ÚDAJE, DISTRIBÚCIA ATĎ.
Miesto publikovania, distribúcie atď. Tulčík
Názov vydavateľa, distibútora atď. ABIES
Dátum publikovania, distribúcie atď. 2000
300 ## - FYZICKÝ POPIS
Rozsah 99 s.
Ďalšie fyzické detaily fareb. ilustr.
Rozmery 20 cm
500 ## - VŠEOBECNÁ POZNÁMKA
Formátovaná poznámka o obsahu Údaj o prekl. prevzatý z rubu tit. strany
504 ## -
-- Bibliogr. s. 99
650 07 - PRIDANÝ VSTUP – PREDMET – TEMATICKÉ HESLO
Tematické heslo alebo geografický názov ako vstupný prvok lesy
Všeobecný pododdiel ochrana
-- aspekty filozofické
Zdroj hesla alebo termínu SNK
650 07 - PRIDANÝ VSTUP – PREDMET – TEMATICKÉ HESLO
Tematické heslo alebo geografický názov ako vstupný prvok ekológia krajinná
Všeobecný pododdiel vzťah k prírode
-- aspekty filozofické
Zdroj hesla alebo termínu SNK
700 1# - PRIDANÝ VSTUP – OSOBNÉ MENO
Osobné meno Duchoslav, Peter
Kód roly trl
700 1# - PRIDANÝ VSTUP – OSOBNÉ MENO
Osobné meno Jančáryová, Danica
Kód roly trl
730 ## -
-- Sterbende Wälder - eine Bewusstseinsfrage
765 0# - VÄZBA NA PÔVODNÝ JAZYK
Názov Sterbende Wälder - eine Bewusstseinsfrage
Záhlavie hlavného vstupu Bockemühl
958 ## - Formálny deskriptor
Formálny deskriptor APP
Holdings
Stav stiahnutia (Blokovanie) (Withrawn status) Stav straty Stav poškodenia (Damaged status) Nie pre výpožičky (Not for loan) Spôsob nadobudnutia (Collection code) Trvalé umiestnenie Aktuálne umiestnenie Dátum nadobudnutia Náklady, bežná kúpna cena Inventárne číslo (prírastkové číslo) Full call number Dátum posledného výskytu Cena s účinnosťou od Typ jednotky Koha
        Kúpa Mestská knižnica Giraltovce Mestská knižnica Giraltovce 2019-11-29 10.00 14308 I 0348 2019-11-29 2019-11-29 Odborná literatúra pre dospelých

Powered by Koha